[Event "Medellin Flores op 30th"]
[Site "Medellin"]
[Date "2023.08.06"]
[Round "7"]
[White "Aponte Castillo, Jose Ernesto"]
[Black "Ayala Delgado, Sergio Alejandro"]
[Result "0-1"]
[WhiteElo "2051"]
[BlackElo "1804"]
[PlyCount "58"]
[EventDate "2023.08.03"]
[EventType "swiss"]
[EventRounds "9"]
[EventCountry "COL"]
[SourceTitle "EXT 2024"]
[Source "ChessBase"]
[SourceDate "2023.10.10"]
[SourceVersion "1"]
[SourceVersionDate "2023.10.10"]
[SourceQuality "1"]

1. e4 e5 2. f4 Bc5 3. Qh5 Nc6 4. fxe5 Bxg1 5. Rxg1 Qe7 6. c3 Nxe5 7. d4 Ng6 8. Bd3 Nf6 9. Qe2 d6 10. g4 0-0 11. g5 Nd7 12. Be3 c5 13. Nd2 cxd4 14. cxd4 Nb6 15. 0-0-0 Re8 16. Kb1 Nd5 17. exd5 Qxe3 18. Qxe3 Rxe3 19. Nc4 Rxd3 20. Nxd6 Rxd1+ 21. Rxd1 Bg4 22. Rc1 Rd8 23. Nxb7 Rxd5 24. Rc4 f5 25. gxf6 gxf6 26. a4 f5 27. Rc8+ Kg7 28. Nc5 f4 29. Ne4 Bf5 0-1

[Event "Sabaneta op-A 2nd"]
[Site "Sabaneta Antioquia"]
[Date "2023.06.29"]
[Round "3"]
[White "Garzon Camelo, Andres Santiago"]
[Black "Aponte Castillo, Jose Ernesto"]
[Result "1-0"]
[WhiteElo "1957"]
[BlackElo "2047"]
[PlyCount "61"]
[EventDate "2023.06.28"]
[EventType "swiss"]
[EventRounds "9"]
[EventCountry "COL"]
[SourceTitle "CBM 215 Extra"]
[Source "ChessBase"]
[SourceDate "2023.09.30"]
[SourceVersion "1"]
[SourceVersionDate "2023.09.30"]
[SourceQuality "1"]

1. e4 e6 2. d4 d5 3. Nd2 Nf6 4. e5 Nfd7 5. c3 c5 6. Bd3 Nc6 7. Ne2 cxd4 8. cxd4 f6 9. Nf4 Qe7 10. Qh5+ Qf7 11. Bg6 hxg6 12. Qxh8 Nxd4 13. 0-0 Nxe5 14. Nb3 Nxb3 15. axb3 g5 16. Ne2 Ng6 17. Qh5 e5 18. Nc3 Be6 19. Re1 d4 20. Nb5 a6 21. Bd2 Rd8 22. Ba5 axb5 23. Bxd8 Kxd8 24. Ra8+ Kc7 25. Rc1+ Kb6 26. Qd1 Bxb3 27. Qe1 b4 28. Rcc8 Bd6 29. Qa1 Bc7 30. Qa7+ Kc6 31. Rab8 1-0

[Event "Medellin Raza op 9th"]
[Site "Medellin"]
[Date "2019.10.14"]
[Round "7"]
[White "Ospina Castro, Santiago"]
[Black "Aponte Castillo, Jose Ernesto"]
[Result "1-0"]
[WhiteElo "2008"]
[BlackElo "2094"]
[PlyCount "96"]
[EventDate "2019.10.11"]
[EventType "swiss"]
[EventRounds "8"]
[EventCountry "COL"]
[SourceTitle "CBM 192 Extra"]
[Source "Chessbase"]
[SourceDate "2019.11.06"]
[SourceVersion "1"]
[SourceVersionDate "2019.11.06"]
[SourceQuality "1"]

1. e4 Nf6 2. e5 Nd5 3. c4 Nb6 4. d4 d6 5. exd6 cxd6 6. Nc3 g6 7. Be3 Bg7 8. Rc1 0-0 9. b3 Nc6 10. d5 Ne5 11. Be2 f5 12. f4 Ng4 13. Bxg4 fxg4 14. Nge2 Nd7 15. 0-0 Nf6 16. Nd4 Bf5 17. Nxf5 gxf5 18. Bd4 a6 19. Qd3 Ne8 20. Ne2 Qd7 21. Bxg7 Nxg7 22. Nd4 Rf6 23. Rfe1 Qe8 24. Re2 Qf7 25. Rce1 Re8 26. g3 h5 27. Ne6 Nxe6 28. Rxe6 Rxe6 29. Rxe6 b5 30. cxb5 axb5 31. Qxb5 Rc8 32. Qd7 Re8 33. Qb5 Rc8 34. Qd7 Re8 35. a4 h4 36. gxh4 Kf8 37. Kg2 Rb8 38. h5 Rxb3 39. Qd8+ Qe8 40. Qxe8+ Kxe8 41. h6 Kf7 42. a5 Ra3 43. h7 Rh3 44. Re3 Rxh7 45. a6 Rh8 46. a7 Ra8 47. Ra3 e6 48. dxe6+ Kxe6 1-0

[Event "Medellin Castro Memorial 36th"]
[Site "Medellin"]
[Date "2019.08.10"]
[Round "7"]
[White "Soto, Miguel Angel"]
[Black "Aponte Castillo, Jose Ernesto"]
[Result "1-0"]
[WhiteElo "2288"]
[BlackElo "2048"]
[PlyCount "93"]
[EventDate "2019.08.07"]
[EventType "swiss"]
[EventRounds "9"]
[EventCountry "COL"]
[SourceTitle "EXT 2020"]
[Source "ChessBase"]
[SourceDate "2019.10.17"]
[SourceVersion "1"]
[SourceVersionDate "2019.10.17"]
[SourceQuality "1"]

1. e4 e6 2. d4 d5 3. Nd2 Nf6 4. e5 Ng8 5. Bd3 b6 6. c3 Qd7 7. Qe2 c5 8. f4 Nc6 9. Ngf3 Nh6 10. 0-0 Bb7 11. Kh1 cxd4 12. Nxd4 Nxd4 13. cxd4 Be7 14. Nf3 0-0 15. Bd2 a6 16. Ng5 Nf5 17. Qh5 h6 18. Nf3 g6 19. Qh3 h5 20. g3 Bc6 21. Rf2 Bb5 22. Bb1 Rac8 23. Qg2 Kg7 24. h3 h4 25. g4 Ng3+ 26. Kh2 a5 27. f5 exf5 28. gxf5 gxf5 29. Nxh4 Bxh4 30. Bxf5 Qd8 31. Bf4 Rg8 32. Bxg3 Kf8 33. Bg4 Rc6 34. Qf3 Bxg3+ 35. Qxg3 Qc7 36. Rg1 Rc2 37. Qa3+ Ke8 38. Rxc2 Qxc2+ 39. Rg2 Qg6 40. Qb3 Bc4 41. Qa4+ Kf8 42. Qd7 Bf1 43. Rf2 Bxh3 44. Qd8+ Kg7 45. Qf6+ Kf8 46. Qxg6 Rxg6 47. Bxh3 1-0

[Event "COL-ch U2300"]
[Site "Pereira"]
[Date "2019.03.22"]
[Round "2"]
[White "Aponte Castillo, Jose Ernesto"]
[Black "Cadena Montoya, Gustavo Adolfo"]
[Result "0-1"]
[WhiteElo "2071"]
[BlackElo "2194"]
[PlyCount "78"]
[EventDate "2019.03.21"]
[EventType "swiss"]
[EventRounds "9"]
[EventCountry "COL"]
[SourceTitle "CBM 189 Extra"]
[Source "ChessBase"]
[SourceDate "2019.06.03"]
[SourceVersion "1"]
[SourceVersionDate "2019.06.03"]
[SourceQuality "1"]

1. Nf3 Nf6 2. g3 b5 3. a4 b4 4. Bg2 Bb7 5. 0-0 a5 6. d3 e6 7. e4 d6 8. Nbd2 Be7 9. Re1 c5 10. Nc4 0-0 11. e5 dxe5 12. Nfxe5 Nd5 13. h4 Nd7 14. Nxd7 Qxd7 15. Bg5 f6 16. Bd2 e5 17. Be4 f5 18. Bg2 f4 19. Nxe5 Qc7 20. Qg4 fxg3 21. fxg3 Kh8 22. Qd7 Bd6 23. Qxc7 Bxc7 24. Re2 Rad8 25. Bg5 Rde8 26. Rae1 Kg8 27. Nd7 Rxe2 28. Rxe2 Rc8 29. g4 h6 30. Bxh6 Rd8 31. Bxd5+ Bxd5 32. Re7 Bf7 33. Bg5 Rc8 34. Kf1 c4 35. d4 c3 36. bxc3 bxc3 37. Re3 Bd6 38. Ne5 Be8 39. Re1 Bxa4 0-1

[Event "COL-ch U2300"]
[Site "Pereira"]
[Date "2019.03.21"]
[Round "1"]
[White "Chavez Duero, Brayan Steven"]
[Black "Aponte Castillo, Jose Ernesto"]
[Result "0-1"]
[WhiteElo "1813"]
[BlackElo "2071"]
[PlyCount "72"]
[EventDate "2019.03.21"]
[EventType "swiss"]
[EventRounds "9"]
[EventCountry "COL"]
[SourceTitle "CBM 189 Extra"]
[Source "ChessBase"]
[SourceDate "2019.06.03"]
[SourceVersion "1"]
[SourceVersionDate "2019.06.03"]
[SourceQuality "1"]

1. e4 Nf6 2. Nc3 d5 3. exd5 Nxd5 4. d4 c6 5. Nxd5 cxd5 6. Bd3 Nc6 7. c3 Qc7 8. Ne2 e6 9. Bf4 Bd6 10. Qd2 0-0 11. 0-0 Rb8 12. Rae1 b5 13. Bxd6 Qxd6 14. Nf4 b4 15. Nh5 Ne7 16. Qg5 Ng6 17. f4 Ba6 18. Qg3 bxc3 19. bxc3 Bxd3 20. Qxd3 Rb2 21. Re2 Qa3 22. Rxb2 Qxb2 23. f5 exf5 24. a4 f4 25. Nxf4 Nxf4 26. Rxf4 Qa1+ 27. Rf1 Qxa4 28. Rf5 Qd7 29. Rh5 f5 30. Rh3 Re8 31. c4 Re4 32. Qc3 Qe6 33. c5 Re1+ 34. Kf2 Qe2+ 35. Kg3 Qg4+ 36. Kf2 Re2+ 0-1

[Event "Medellin Aristizabal Cup"]
[Site "Medellin"]
[Date "2018.07.07"]
[Round "5"]
[White "Aponte Castillo, Jose Ernesto"]
[Black "Panesso Rivera, Henry"]
[Result "0-1"]
[WhiteElo "2101"]
[BlackElo "2389"]
[PlyCount "84"]
[EventDate "2018.07.04"]
[EventType "swiss"]
[EventRounds "7"]
[EventCountry "COL"]
[SourceTitle "CBM 185 Extra"]
[Source "ChessBase"]
[SourceDate "2018.07.29"]
[SourceVersion "1"]
[SourceVersionDate "2018.07.29"]
[SourceQuality "1"]

1. d4 d6 2. Nf3 g6 3. c4 Bg4 4. Qb3 Qc8 5. g3 Bg7 6. Bg2 Nc6 7. d5 Bxf3 8. Qxf3 Ne5 9. Qb3 c5 10. 0-0 h5 11. f4 Nd7 12. e4 a6 13. a4 Rb8 14. a5 b5 15. axb6 Rxb6 16. Qc2 Bd4+ 17. Kh1 h4 18. g4 h3 19. Bf3 g5 20. e5 gxf4 21. exd6 Ne5 22. Qe2 Rh4 23. Bxf4 Rxb2 24. Nd2 Rxd2 25. Bxd2 Bxa1 26. Rxa1 Nxf3 27. Qxf3 Qxg4 28. Qxg4 Rxg4 29. dxe7 Nxe7 30. Rxa6 Rxc4 31. d6 Nf5 32. Kg1 Rd4 33. Be1 Nxd6 34. Ra3 Rg4+ 35. Kf1 Rf4+ 36. Kg1 Nb5 37. Rxh3 Kd7 38. Rh5 Kc6 39. Bg3 Rf6 40. Be5 Re6 41. Kf2 c4 42. Ke3 f6 0-1

[Event "Guillermo Garcia Memorial-C 27th"]
[Site "Santa Clara"]
[Date "2018.05.24"]
[Round "3"]
[White "Aponte Castillo, Jose Ernesto"]
[Black "Garcia Fuentes, Sergio Miguel"]
[Result "1-0"]
[WhiteElo "2178"]
[BlackElo "2158"]
[PlyCount "82"]
[EventDate "2018.05.22"]
[EventType "tourn"]
[EventRounds "9"]
[EventCountry "CUB"]
[EventCategory "3"]
[SourceTitle "CBM 184 Extra"]
[Source "ChessBase"]
[SourceDate "2018.06.28"]
[SourceVersion "1"]
[SourceVersionDate "2018.06.28"]
[SourceQuality "1"]

1. c4 c6 2. Nf3 d5 3. g3 Nf6 4. Bg2 Bf5 5. 0-0 e6 6. d4 Nbd7 7. Nc3 h6 8. Qb3 Qb6 9. Nd2 Qxb3 10. axb3 Bc2 11. c5 e5 12. dxe5 Nxe5 13. b4 a6 14. b3 Be7 15. Bb2 Ned7 16. Rfc1 Bg6 17. b5 Bxc5 18. bxc6 bxc6 19. e4 Ng4 20. Nd1 Bb4 21. Bxg7 Bxd2 22. Bxh8 Bxc1 23. Rxc1 dxe4 24. Bd4 Rb8 25. Rxc6 Rxb3 26. Nc3 Nge5 27. Rxa6 Nf3+ 28. Bxf3 exf3 29. h3 h5 30. Nd5 Rb1+ 31. Kh2 Nb8 32. Ra7 Nc6 33. Nf6+ Kf8 34. Bc5+ Kg7 35. Ne8+ Kh7 36. Rc7 Ne5 37. Bd4 Re1 38. Nf6+ Kh8 39. Nd7 f6 40. Nxf6 Bf5 41. Re7 Nd3 1-0

[Event "Havana Fernandez Memorial 11th"]
[Site "Havana"]
[Date "2018.05.05"]
[Round "7"]
[White "Aponte Castillo, Jose Ernesto"]
[Black "Borges Matos, Juan R"]
[Result "1/2-1/2"]
[WhiteElo "2178"]
[BlackElo "2436"]
[PlyCount "20"]
[EventDate "2018.04.29"]
[EventType "tourn"]
[EventRounds "9"]
[EventCountry "CUB"]
[EventCategory "7"]
[SourceTitle "CBM 184 Extra"]
[Source "ChessBase"]
[SourceDate "2018.06.28"]
[SourceVersion "1"]
[SourceVersionDate "2018.06.28"]
[SourceQuality "1"]

1. d4 e6 2. e4 d5 3. exd5 exd5 4. Bd3 Bd6 5. Qe2+ Ne7 6. Nf3 0-0 7. 0-0 Nd7 8. Re1 c6 9. c3 Re8 10. Nbd2 Nf8 1/2-1/2

[Event "Havana Fernandez Memorial 11th"]
[Site "Havana"]
[Date "2018.05.02"]
[Round "4"]
[White "Gallego Alcaraz, Andres Felipe"]
[Black "Aponte Castillo, Jose Ernesto"]
[Result "1-0"]
[WhiteElo "2497"]
[BlackElo "2178"]
[PlyCount "89"]
[EventDate "2018.04.29"]
[EventType "tourn"]
[EventRounds "9"]
[EventCountry "CUB"]
[EventCategory "7"]
[SourceTitle "CBM 184 Extra"]
[Source "ChessBase"]
[SourceDate "2018.06.28"]
[SourceVersion "1"]
[SourceVersionDate "2018.06.28"]
[SourceQuality "1"]

1. d4 e6 2. c4 f5 3. Nf3 Nf6 4. g3 Be7 5. Bg2 0-0 6. 0-0 d6 7. Nc3 a5 8. Qc2 Nc6 9. Rd1 Qe8 10. a3 e5 11. Nd5 Bd8 12. dxe5 dxe5 13. Be3 e4 14. Nd4 Ne5 15. Nb5 Nxd5 16. Rxd5 c6 17. Nd6 Qe6 18. Rdd1 Bc7 19. c5 Nf7 20. Nc4 Qe7 21. Nb6 Rb8 22. Bd4 Ng5 23. e3 Ne6 24. Rac1 Nxd4 25. Rxd4 Be6 26. Ra4 h5 27. Rxa5 h4 28. Ra7 Kf7 29. b4 Rh8 30. Rd1 Bxb6 31. cxb6 Bd5 32. Qc3 g5 33. b5 Rbd8 34. Bf1 hxg3 35. fxg3 f4 36. bxc6 Bxc6 37. Rxd8 Rxd8 38. Ra5 fxe3 39. Qxe3 Kg6 40. Be2 Qf6 41. Rc5 Rf8 42. a4 Qa1+ 43. Kg2 Rf5 44. Rc4 Bxa4 45. Qxe4 1-0

[Event "COL-ch sf"]
[Site "Medellin"]
[Date "2018.03.15"]
[Round "2"]
[White "Mosquera Klinger, Miguel Alonso"]
[Black "Aponte Castillo, Jose Ernesto"]
[Result "1-0"]
[WhiteElo "2377"]
[BlackElo "2184"]
[PlyCount "37"]
[EventDate "2018.03.14"]
[EventType "swiss"]
[EventRounds "10"]
[EventCountry "COL"]
[SourceTitle "CBM 183 Extra"]
[Source "ChessBase"]
[SourceDate "2018.04.19"]
[SourceVersion "1"]
[SourceVersionDate "2018.04.19"]
[SourceQuality "1"]

1. e4 e6 2. d4 d5 3. Nc3 Bb4 4. e5 b6 5. Qg4 Bf8 6. Bg5 Qd7 7. 0-0-0 c5 8. dxc5 bxc5 9. Nxd5 f5 10. Qh5+ g6 11. Qf3 exd5 12. Rxd5 Qb7 13. Rd8+ Kf7 14. Bc4+ Kg7 15. Rxc8 Qxc8 16. Qxa8 Qc7 17. Qd5 Nc6 18. Nf3 Na5 19. Bd8 1-0

[Event "Medellin Raza op 7th"]
[Site "Medellin"]
[Date "2017.10.21"]
[Round "7"]
[White "Aponte Castillo, Jose Ernesto"]
[Black "Bustamante, Juan Manuel"]
[Result "0-1"]
[WhiteElo "2117"]
[BlackElo "2045"]
[PlyCount "86"]
[EventDate "2017.10.18"]
[EventType "swiss"]
[EventRounds "9"]
[EventCountry "COL"]
[SourceTitle "CBM 181 Extra"]
[Source "ChessBase"]
[SourceDate "2017.12.12"]
[SourceVersion "1"]
[SourceVersionDate "2017.12.12"]
[SourceQuality "1"]

1. c4 Nf6 2. g3 e6 3. Bg2 Nc6 4. Nf3 Be7 5. 0-0 0-0 6. b3 d5 7. d3 d4 8. Na3 e5 9. Nc2 Bg4 10. h3 Bh5 11. b4 Bxf3 12. Bxf3 Qc8 13. Kh2 Rb8 14. b5 Nd8 15. e3 Ne6 16. e4 c5 17. Bg2 Ne8 18. f4 exf4 19. gxf4 Bd6 20. Kh1 f5 21. e5 Be7 22. Ne1 g6 23. a4 N8g7 24. Bf3 Kh8 25. Ng2 Qd8 26. Qe1 Rg8 27. Rg1 Ne8 28. Kh2 N8c7 29. Qa5 a6 30. Qe1 b6 31. bxa6 Nxa6 32. Bd2 Nb4 33. Qe2 Qd7 34. h4 Qd8 35. Kg3 Rg7 36. Rh1 Rc8 37. Kf2 Rc7 38. Kg3 Rg8 39. Rhc1 Bf8 40. Ra3 Be7 41. Be1 g5 42. hxg5 Bxg5 43. Kh2 Nxf4 0-1

[Event "Medellin Raza op 7th"]
[Site "Medellin"]
[Date "2017.10.20"]
[Round "4"]
[White "Escobar Medina, Andres F"]
[Black "Aponte Castillo, Jose Ernesto"]
[Result "1-0"]
[WhiteElo "2293"]
[BlackElo "2117"]
[PlyCount "89"]
[EventDate "2017.10.18"]
[EventType "swiss"]
[EventRounds "9"]
[EventCountry "COL"]
[SourceTitle "CBM 181 Extra"]
[Source "ChessBase"]
[SourceDate "2017.12.12"]
[SourceVersion "1"]
[SourceVersionDate "2017.12.12"]
[SourceQuality "1"]

1. Nf3 f5 2. e4 fxe4 3. Ng5 Nf6 4. d3 e5 5. dxe4 h6 6. Nf3 d6 7. Bc4 g5 8. Nc3 Qe7 9. Qe2 Bg7 10. Be3 c6 11. a4 Be6 12. h4 g4 13. Nd2 d5 14. exd5 cxd5 15. Ba2 Nc6 16. Nf1 d4 17. Bxe6 Qxe6 18. Nb5 0-0-0 19. Bd2 Qd5 20. Ng3 Qxg2 21. 0-0-0 Qd5 22. Kb1 e4 23. Bf4 Rd7 24. Nc3 Qa5 25. Ncxe4 Qxa4 26. Nc5 d3 27. Rxd3 Qxf4 28. Nxd7 Nxd7 29. Qe6 Nd4 30. Rc3+ Kd8 31. Qd5 Nc6 32. Rd1 Qc7 33. Rcd3 Nce5 34. Nh5 Nxd3 35. Nxg7 Nf4 36. Qd4 Rf8 37. Qxa7 Kc8 38. Qa8+ Nb8 39. Rd4 Rf7 40. Ne8 Ne6 41. Nxc7 Nxd4 42. Nd5 Rxf2 43. Qa5 Na6 44. Nb6+ Kc7 45. Nc8+ 1-0

[Event "Medellin Raza op 7th"]
[Site "Medellin"]
[Date "2017.10.19"]
[Round "2"]
[White "Aponte Castillo, Jose Ernesto"]
[Black "Hernandez Pinzon, Helvert"]
[Result "1-0"]
[WhiteElo "2117"]
[BlackElo "2024"]
[PlyCount "87"]
[EventDate "2017.10.18"]
[EventType "swiss"]
[EventRounds "9"]
[EventCountry "COL"]
[SourceTitle "CBM 181 Extra"]
[Source "ChessBase"]
[SourceDate "2017.12.12"]
[SourceVersion "1"]
[SourceVersionDate "2017.12.12"]
[SourceQuality "1"]

1. c4 c6 2. g3 Nf6 3. Bg2 d5 4. Nf3 e6 5. b3 Bd6 6. Bb2 Nbd7 7. 0-0 b6 8. d3 Bb7 9. Nbd2 e5 10. cxd5 cxd5 11. Nh4 g6 12. Nc4 Bc7 13. Ba3 Nc5 14. Nxe5 Bxe5 15. d4 Bd6 16. dxc5 bxc5 17. Rc1 Rc8 18. Bb2 Be7 19. Qd2 0-0 20. Qh6 Re8 21. Rfd1 Bf8 22. Qf4 Bg7 23. Rc2 Ne4 24. Bxg7 Kxg7 25. Nf3 Qf6 26. Qxf6+ Kxf6 27. Bh3 Rc7 28. Ne1 d4 29. Rxd4 Ng5 30. Rf4+ Kg7 31. Bg2 Ne6 32. Ra4 Bxg2 33. Kxg2 Ree7 34. Nf3 f6 35. e3 Red7 36. Nd2 h5 37. Rac4 f5 38. h4 Kf6 39. Nb1 Ke7 40. Nc3 a6 41. Na4 Kd6 42. Nb6 Rf7 43. Ra4 Kc6 44. Nc4 1-0